00659ngm a2200157 i 4500001001100000003000500011005001700016008004100033040002500074245002200099264004000121500024300161700001100404700003400415700005200449C2-0344399PPAK20180727222912.0171231s1990 cau|||| ||||| | vleng d aPPAKbengcPPAKerda10aStephen King's IT 1aCalifornia : bWarner Bros , c1990 aSummary : In 1960, seven outcast kids known as The Loser Club fight an evil demon who poses as a child-killing clown. Thirty years later, they reunite to stop the demon once and for all when it returns to their hometown. ; In English audi eauthor1 aWallace, Tommy Lee, ecompile1 aBlangsted, David ; Shugrue, Robert F., eeditor